00699 2200253 4500001002100000005001700021008004100038035002400079082001000103090001700113100002700130245005600157250001100213260004100224300002700265500004700292500003100339650001000370850001500380980001400395985000600409999001500415999001500430YOGYA-0209000001201020090227022203.0 ind  0010-020900000012010 a540.1 a540.1bWin P aWINOTOPRAJOKO, Martono aPenuntun penamaan zat kimiacMartono Winotopradjoko aCet. 1 aJakartabPustaka Sinar Grafikac1987 a... jilidbilusc21 cm aYang diterima : Jil. 1 : Zat kimia organik aBibliografi : hlm. 122-123 aKimia aYOPDYOG(B) a1-12-2005 a2 a93P0037740 a93P0037741